Cognition and fact : (Record no. 123336)
[ view plain ]
| 000 -LEADER | |
|---|---|
| fixed length control field | 01087cam a2200301 a 4500 |
| 001 - CONTROL NUMBER | |
| control field | 4751288 |
| 003 - CONTROL NUMBER IDENTIFIER | |
| control field | ARRUPE |
| 005 - DATE AND TIME OF LATEST TRANSACTION | |
| control field | 20150910103511.0 |
| 008 - FIXED-LENGTH DATA ELEMENTS--GENERAL INFORMATION | |
| fixed length control field | 850726s1986 ne ac b 001 0 eng |
| 010 ## - LIBRARY OF CONGRESS CONTROL NUMBER | |
| LC control number | 85018332 |
| 020 ## - INTERNATIONAL STANDARD BOOK NUMBER | |
| International Standard Book Number | 9027719020 : |
| Terms of availability | $59.50 (U.S.) |
| 040 ## - CATALOGING SOURCE | |
| Original cataloging agency | DLC |
| Transcribing agency | DLC |
| Modifying agency | DLC |
| 050 00 - LIBRARY OF CONGRESS CALL NUMBER | |
| Classification number | SPCH3. C679 1985 |
| 082 00 - DEWEY DECIMAL CLASSIFICATION NUMBER | |
| Classification number | 601 |
| Edition number | 19 |
| 300 ## - PHYSICAL DESCRIPTION | |
| Dimensions | 23 cm. |
| 245 00 - TITLE STATEMENT | |
| Title | Cognition and fact : |
| Remainder of title | materials on Ludwik Fleck / |
| Statement of responsibility, etc | edited by Robert S. Cohen and Thomas Schnelle. |
| 260 ## - PUBLICATION, DISTRIBUTION, ETC. (IMPRINT) | |
| Place of publication, distribution, etc | Dordrecht ; |
| Name of publisher, distributor, etc | D. Reidel Pub. Co. ; |
| Date of publication, distribution, etc | 1985. |
| 300 ## - PHYSICAL DESCRIPTION | |
| Extent | xxxiii, 468 p. : |
| 440 #0 - SERIES STATEMENT/ADDED ENTRY--TITLE | |
| Title | Boston studies in the philosophy of science ; |
| Volume number/sequential designation | v. 87 |
| 9 (RLIN) | 19629 |
| 500 ## - GENERAL NOTE | |
| General note | Heelan, Patrick A. - Fleck's contribution to epistemology p.287-308 |
| 600 10 - SUBJECT ADDED ENTRY--PERSONAL NAME | |
| Personal name | Fleck, Ludwik, |
| Dates associated with a name | 1896-1961. |
| 9 (RLIN) | 15266 |
| 650 #0 - SUBJECT ADDED ENTRY--TOPICAL TERM | |
| Topical term or geographic name as entry element | Science |
| General subdivision | Philosophy. |
| 9 (RLIN) | 19630 |
| 650 #0 - SUBJECT ADDED ENTRY--TOPICAL TERM | |
| Topical term or geographic name as entry element | Knowledge, Sociology of. |
| 9 (RLIN) | 9945 |
| 700 1# - ADDED ENTRY--PERSONAL NAME | |
| Personal name | Cohen, R. S. |
| Fuller form of name | (Robert Sonné) |
| 9 (RLIN) | 14125 |
| Relator term | ed. |
| 700 1# - ADDED ENTRY--PERSONAL NAME | |
| Personal name | Schnelle, Thomas. |
| 9 (RLIN) | 19631 |
| Relator term | ed. |
| 700 1# - ADDED ENTRY--PERSONAL NAME | |
| Personal name | Fleck, Ludwik, |
| Dates associated with a name | 1896-1961. |
| 9 (RLIN) | 15266 |
| 906 ## - LOCAL DATA ELEMENT F, LDF (RLIN) | |
| a | 7 |
| b | cbc |
| c | orignew |
| d | 1 |
| e | ocip |
| f | 19 |
| g | y-gencatlg |
| 942 ## - ADDED ENTRY ELEMENTS (KOHA) | |
| Source of classification or shelving scheme | Library of Congress Classification |
| Koha item type | SPC |
| Withdrawn status | Lost status | Source of classification or shelving scheme | Damaged status | Not for loan | Collection code | Home library | Current library | Shelving location | Date acquired | Total Checkouts | Full call number | Barcode | Date last seen | Price effective from | Koha item type |
|---|---|---|---|---|---|---|---|---|---|---|---|---|---|---|---|
| Library of Congress Classification | SPECIAL Collection | ARRUPE LIBRARY | ARRUPE LIBRARY | Reference | 09/09/2015 | SPCH3.C679 1985 | 46500005084 | 09/09/2015 | 09/09/2015 | SPC |